[Event "DEM U16 2015"]
[Site "Willingen GER"]
[Date "2015.05.24"]
[Round "2"]
[White "Lagunow, Raphael"]
[Black "Schmekel, Florian"]
[Result "1-0"]
[Termination "normal"]
[Board "7"]
[WhiteElo "2179"]
[BlackElo "1881"]
[WhiteClock "00:30:49"]
[BlackClock "00:31:50"]
[PlyCount "87"]
[WhiteFideId "24652644"]
[BlackFideId "12913456"]
[EventCountry "GER"]
[EventRounds "9"]
[EventType "swiss"]
[EventDate "2015.05.23"]

1. Nf3 Nf6 2. g3 b6 3. Bg2 Bb7 4. c4 c5 5. O-O e6 6. Nc3 Be7 7. Re1 O-O 8. e4
d6 9. d4 cxd4 10. Nxd4 Qc8 11. Be3 a6 12. Rc1 Nbd7 13. f4 Nc5 14. Bf2 Rd8 15.
b4 Ncd7 16. a3 Nf8 17. Na4 N6d7 18. Qe2 Qc7 19. Qe3 Rab8 20. Red1 h6 21. Nc3
Rbc8 22. Bf1 Ng6 23. f5 Bg5 24. Qe2 exf5 25. Rc2 fxe4 26. Nd5 Qb8 27. h4 Bf6
28. Nf5 Kf8 29. Nxf6 Nxf6 30. Bxb6 Rd7 31. Bd4 d5 32. cxd5 Rxd5 33. Rxc8+ Qxc8
34. Ne3 Rd8 35. h5 Rxd4 36. Rxd4 Ne5 37. Bg2 Nf3+ 38. Bxf3 exf3 39. Qd2 Qc7 40.
Nf5 Qe5 41. Rd8+ Ne8 42. Qd6+ Qxd6 43. Nxd6 Ke7 44. Nxb7 1-0

[Event "DEM U16 2015"]
[Site "Willingen GER"]
[Date "2015.05.24"]
[Round "2"]
[White "Kollars, Dmitrij"]
[Black "Gschnitzer, Adrian"]
[Result "1-0"]
[Termination "normal"]
[Board "8"]
[WhiteElo "2410"]
[BlackElo "2127"]
[WhiteClock "00:08:45"]
[BlackClock "00:14:50"]
[PlyCount "57"]
[WhiteFideId "12909572"]
[BlackFideId "1270337"]
[EventCountry "GER"]
[EventRounds "9"]
[EventType "swiss"]
[EventDate "2015.05.23"]

1. e4 c5 2. Nf3 Nc6 3. d4 cxd4 4. Nxd4 g6 5. c4 Bg7 6. Be3 Nf6 7. Nc3 Ng4 8.
Qxg4 Nxd4 9. Qd1 Ne6 10. Qd2 Qa5 11. Be2 Bxc3 12. bxc3 O-O 13. O-O d6 14. Rab1
Qc7 15. Qd5 Nc5 16. e5 Be6 17. exd6 exd6 18. Qd4 Bf5 19. Rbd1 Rfd8 20. Bf3 Ne6
21. Qh4 Rac8 22. Bd5 b5 23. cxb5 Qxc3 24. Bxa7 Bc2 25. Rde1 Re8 26. Re3 Qa5 27.
Qf6 Bf5 28. Bd4 Kf8 29. Bc6 1-0

[Event "DEM U16 2015"]
[Site "Willingen GER"]
[Date "2015.05.24"]
[Round "2"]
[White "Tiarks, Jann-Christian"]
[Black "Bergauz, Noam"]
[Result "0-1"]
[Termination "normal"]
[Board "9"]
[WhiteElo "1806"]
[BlackElo "2296"]
[WhiteClock "00:54:33"]
[BlackClock "00:17:58"]
[PlyCount "112"]
[WhiteFideId "12951595"]
[BlackFideId "12938033"]
[EventCountry "GER"]
[EventRounds "9"]
[EventType "swiss"]
[EventDate "2015.05.23"]

1. e4 e6 2. d4 d5 3. Nd2 Nf6 4. e5 Nfd7 5. Bd3 c5 6. c3 Nc6 7. Ne2 cxd4 8. cxd4
f6 9. Nf4 Nxd4 10. Qh5+ Ke7 11. exf6+ Nxf6 12. Ng6+ hxg6 13. Qxh8 Kf7 14. O-O
e5 15. Nb3 Nxb3 16. axb3 Bf5 17. Rd1 e4 18. Be2 Bc5 19. Qxd8 Rxd8 20. Bf4 d4
21. Rac1 b6 22. Ra1 a5 23. Bc4+ Kf8 24. h3 Bd7 25. Bc7 Re8 26. b4 axb4 27. Ra6
Rc8 28. Be5 d3 29. Bb3 g5 30. g4 Bc6 31. Ra7 Nd7 32. Be6 Ke7 33. Bf5 b5 34. Rc7
Rxc7 35. Bxc7 Bd4 36. Ba5 Bxb2 37. Bxb4+ Kf6 38. Re1 Ke5 39. Bd2 Bd4 40. Rc1
Nc5 41. Bxg5 Bd5 42. Rb1 Bc4 43. h4 Bc3 44. h5 d2 45. Rd1 Nb3 46. h6 gxh6 47.
Bxh6 Be2 48. Bg7+ Kd5 49. Bxc3 Bxd1 50. Bd7 Be2 51. Bxd2 Nxd2 52. Kg2 b4 53. g5
Bh5 54. Ba4 b3 55. Kg3 b2 56. Bc2 Bd1 0-1

[Event "DEM U16 2015"]
[Site "Willingen GER"]
[Date "2015.05.24"]
[Round "2"]
[White "Gretz, Denis"]
[Black "Nothnagel, Marian Can"]
[Result "1-0"]
[Termination "normal"]
[Board "10"]
[WhiteElo "2241"]
[BlackElo "1904"]
[PlyCount "111"]
[WhiteFideId "12945188"]
[BlackFideId "12921530"]
[EventCountry "GER"]
[EventRounds "9"]
[EventType "swiss"]
[EventDate "2015.05.23"]

1. e4 e5 2. Nf3 Nc6 3. Bc4 Bc5 4. c3 Nf6 5. d3 d6 6. Bb3 Bb6 7. Nbd2 Ne7 8. Nc4
Ng6 9. O-O O-O 10. Re1 Re8 11. h3 h6 12. d4 exd4 13. Nxb6 axb6 14. Qxd4 Be6 15.
Bc2 Nd7 16. b3 Qf6 17. Qxf6 Nxf6 18. Nd4 Bd7 19. c4 Ne5 20. Bb2 Nh5 21. Ne2 Ng6
22. Nc3 Nhf4 23. Nd5 Nxd5 24. cxd5 b5 25. a3 Re7 26. Bc3 Kf8 27. Bb4 Re5 28.
Rac1 Rc8 29. Bb1 f6 30. Rxc7 Rxc7 31. Bxd6+ Kf7 32. Bxc7 Re8 33. Bh2 Ra8 34.
Bd6 Rc8 35. Bb4 Nf4 36. h4 g5 37. hxg5 hxg5 38. g3 Ng6 39. Kg2 Ne5 40. Bd2 Bg4
41. Re3 Bd1 42. f4 Ng4 43. Re1 Bxb3 44. fxg5 fxg5 45. Bxg5 Kg7 46. Rc1 Rh8 47.
Rc7+ Kg6 48. Bh4 Rf8 49. e5+ Kh5 50. Rh7+ Nh6 51. Be4 b4 52. axb4 b5 53. e6 Ra8
54. e7 Ra2+ 55. Kh3 Bd1 56. e8=Q# 1-0

[Event "DEM U16 2015"]
[Site "Willingen GER"]
[Date "2015.05.24"]
[Round "2"]
[White "Sawlin, Leonid"]
[Black "Krüger, David"]
[Result "1-0"]
[Termination "normal"]
[Board "11"]
[WhiteElo "2121"]
[BlackElo "1905"]
[PlyCount "119"]
[WhiteFideId "4689542"]
[BlackFideId "12921858"]
[EventCountry "GER"]
[EventRounds "9"]
[EventType "swiss"]
[EventDate "2015.05.23"]

1. e4 e5 2. Nf3 Nc6 3. d4 exd4 4. Nxd4 Nf6 5. Nxc6 bxc6 6. e5 Qe7 7. Qe2 Nd5 8.
c4 Ba6 9. g3 g6 10. b3 Bg7 11. Bb2 O-O 12. Bg2 Rae8 13. O-O Bxe5 14. Qxe5 Qxe5
15. Bxe5 Rxe5 16. cxd5 Bxf1 17. Kxf1 cxd5 18. Nc3 c6 19. Rd1 Rb8 20. Ne2 Rb4
21. Nf4 Re7 22. Bf3 Kf8 23. Be2 a5 24. Rd2 Ke8 25. Nd3 Rb6 26. Nb2 d6 27. Rc2
Kd7 28. Nd3 Re8 29. Rd2 Kc7 30. Ke1 Ra8 31. Bf3 Re8+ 32. Kd1 Rb7 33. Nb2 Rb4
34. Kc2 Rbb8 35. Rd1 Re6 36. Nd3 Kb6 37. Kd2 Rbe8 38. Rc1 R6e7 39. b4 Rc7 40.
bxa5+ Kxa5 41. Bxd5 Rec8 42. Bf3 f6 43. Nf4 Kb6 44. Rc2 f5 45. h4 Re8 46. Nd3
Rd8 47. Ke3 Rcc8 48. Nb4 d5 49. Nd3 Ra8 50. Ne5 Ra3+ 51. Kf4 c5 52. Bxd5 Ra4+
53. Bc4 Re8 54. Nd7+ Kc6 55. Nf6 Re7 56. Kg5 Raa7 57. Bd5+ Kb5 58. Rb2+ Ka4 59.
Rb3 Rec7 60. Ne8 1-0

[Event "DEM U16 2015"]
[Site "Willingen GER"]
[Date "2015.05.24"]
[Round "2"]
[White "Greßmann, Moritz"]
[Black "Rinck, Michael"]
[Result "0-1"]
[Termination "normal"]
[Board "12"]
[WhiteElo "2022"]
[BlackElo "1857"]
[PlyCount "68"]
[WhiteFideId "24695084"]
[BlackFideId "24690104"]
[EventCountry "GER"]
[EventRounds "9"]
[EventType "swiss"]
[EventDate "2015.05.23"]

1. e4 c5 2. Nf3 e6 3. c4 Be7 4. Nc3 a6 5. Be2 d6 6. O-O Nd7 7. d4 cxd4 8. Nxd4
Ngf6 9. Be3 Qc7 10. a4 b6 11. f3 Bb7 12. a5 bxa5 13. Qa4 Rc8 14. Qxa5 Qxa5 15.
Rxa5 O-O 16. Rb1 Ne5 17. Ra4 Nfd7 18. Nb3 Nc5 19. Rb4 Rc7 20. Nxc5 dxc5 21. Rb3
Nc6 22. Rd1 Nd4 23. Rb6 Rd7 24. Bxd4 cxd4 25. Kf2 dxc3 26. Rxd7 c2 27. Rd1
cxd1=Q 28. Bxd1 Bc8 29. b4 Bd8 30. Rc6 Bb7 31. Rd6 Bf6 32. Ba4 Be5 33. Rb6 Rb8
34. c5 Bc7 0-1

[Event "DEM U16 2015"]
[Site "Willingen GER"]
[Date "2015.05.24"]
[Round "2"]
[White "Ngo, Minh Duc"]
[Black "Philipp, Mathias"]
[Result "1-0"]
[Termination "normal"]
[Board "14"]
[WhiteElo "2040"]
[BlackElo "1775"]
[PlyCount "175"]
[WhiteFideId "12942693"]
[BlackFideId "12958883"]
[EventCountry "GER"]
[EventRounds "9"]
[EventType "swiss"]
[EventDate "2015.05.23"]

1. e4 e5 2. Nf3 Nc6 3. Bb5 a6 4. Ba4 Nf6 5. O-O b5 6. Bb3 Be7 7. Re1 O-O 8. c3
d6 9. h3 Na5 10. Bc2 c5 11. d4 Nc6 12. Bg5 Ne8 13. Be3 Qc7 14. Nbd2 g6 15. a4
Bb7 16. d5 Nd8 17. Bh6 Ng7 18. Qe2 Qb6 19. Ra3 b4 20. a5 Qc7 21. Raa1 bxc3 22.
bxc3 Bc8 23. Reb1 f6 24. Nc4 Nf7 25. Nb6 Ra7 26. Bxg7 Kxg7 27. Nxc8 Rxc8 28.
Rb6 Rca8 29. Rc6 Qd7 30. Ba4 Bd8 31. Rxc5 Qe7 32. Rc4 Rb8 33. Bc6 Nh6 34. h4
Qc7 35. Rb4 Ng8 36. Rab1 Rxb4 37. cxb4 Ne7 38. Rc1 Qc8 39. Rc4 Rc7 40. Qc2 h6
41. Nd2 f5 42. f3 Qb8 43. Ba4 Rxc4 44. Qxc4 Qa7+ 45. Kf1 Qe3 46. Qc2 Nxd5 47.
Nc4 Bxh4 48. Nxe3 Nxe3+ 49. Ke2 Nxc2 50. Bxc2 fxe4 51. fxe4 Bd8 52. Bd3 d5 53.
exd5 Be7 54. b5 axb5 55. a6 Bc5 56. Bxb5 Kf6 57. Kf3 h5 58. Ke4 Bd4 59. Be8 h4
60. Ba4 Ke7 61. Bb3 Kd6 62. Ba4 Ke7 63. Bb5 Kd6 64. Be8 g5 65. Bh5 Ba7 66. Bf3
Bb6 67. Kf5 Be3 68. Be4 g4 69. Kxg4 Bf2 70. Kf5 Bd4 71. Kf6 Ba7 72. Kf7 Kd7 73.
Kf6 Kd6 74. Kg5 Bf2 75. a7 Bxa7 76. Kxh4 Ke7 77. Kg5 Kf7 78. Kf5 Bb8 79. g4 Bc7
80. g5 Bb8 81. g6+ Ke7 82. Bf3 Bc7 83. Bh5 Kf8 84. Kf6 Kg8 85. g7 Bd8+ 86. Kg6
e4 87. Bg4 e3 88. Be6# 1-0

[Event "DEM U16 2015"]
[Site "Willingen GER"]
[Date "2015.05.24"]
[Round "2"]
[White "Ronge, Tim"]
[Black "Haase, Dominik"]
[Result "1-0"]
[Termination "normal"]
[Board "15"]
[WhiteElo "1943"]
[BlackElo "1487"]
[PlyCount "55"]
[WhiteFideId "12955418"]
[BlackFideId "16208781"]
[EventCountry "GER"]
[EventRounds "9"]
[EventType "swiss"]
[EventDate "2015.05.23"]

1. d4 d5 2. c4 e6 3. Nc3 Nf6 4. cxd5 exd5 5. Bg5 Be7 6. e3 Nbd7 7. Bd3 c6 8.
Qc2 O-O 9. Nge2 b6 10. O-O c5 11. Rad1 c4 12. Bf5 Bb7 13. f3 g6 14. Bh3 Nb8 15.
Bh6 Re8 16. e4 Nc6 17. e5 Nb4 18. Qd2 Nh5 19. g4 Ng7 20. f4 Qc7 21. f5 Nd3 22.
f6 Bc5 23. fxg7 Bxd4+ 24. Nxd4 Qc5 25. Be3 Rxe5 26. Nf5 Qc6 27. Nh6+ Kxg7 28.
Rxf7+ 1-0

[Event "DEM U16 2015"]
[Site "Willingen GER"]
[Date "2015.05.25"]
[Round "3"]
[White "Uksini, Bardhyl"]
[Black "Schröder, Kevin"]
[Result "1-0"]
[Termination "normal"]
[Board "1"]
[WhiteElo "2222"]
[BlackElo "2244"]
[WhiteClock "00:39:11"]
[BlackClock "00:09:23"]
[PlyCount "89"]
[WhiteFideId "1628313"]
[BlackFideId "12929840"]
[EventCountry "GER"]
[EventRounds "9"]
[EventType "swiss"]
[EventDate "2015.05.23"]

1. d4 Nf6 2. c4 e6 3. Nf3 b6 4. g3 Ba6 5. b3 d5 6. Bg2 c6 7. O-O Nbd7 8. Nbd2
Bd6 9. e4 Nxe4 10. Nxe4 dxe4 11. Ng5 O-O 12. Nxe4 Be7 13. Bf4 b5 14. c5 Nf6 15.
Nxf6+ Bxf6 16. Bd6 Be7 17. Bxc6 Rc8 18. Bxe7 Qxe7 19. Qf3 Qc7 20. Be4 f5 21.
Bc2 Bb7 22. Qe2 e5 23. Qxb5 exd4 24. b4 Bd5 25. Bb3 Qf7 26. Qd3 f4 27. Qxd4
Bxb3 28. axb3 Kh8 29. Qxf4 Qxf4 30. gxf4 Rxf4 31. Rxa7 Rg4+ 32. Kh1 Rxb4 33.
Rc1 Rxb3 34. Rd7 h5 35. c6 Kh7 36. c7 Rb7 37. Rc6 Rf8 38. Kg2 Rb2 39. Rd3
Rfxf2+ 40. Kg3 Rg2+ 41. Kf3 Rbe2 42. c8=Q Rgf2+ 43. Kg3 Rg2+ 44. Kf4 g5+ 45.
Kf5 1-0

[Event "DEM U16 2015"]
[Site "Willingen GER"]
[Date "2015.05.25"]
[Round "3"]
[White "Lagunow, Raphael"]
[Black "Kololli, Martin"]
[Result "1-0"]
[Termination "normal"]
[Board "2"]
[WhiteElo "2179"]
[BlackElo "2229"]
[WhiteClock "00:01:45"]
[BlackClock "00:09:01"]
[PlyCount "65"]
[WhiteFideId "24652644"]
[BlackFideId "12936910"]
[EventCountry "GER"]
[EventRounds "9"]
[EventType "swiss"]
[EventDate "2015.05.23"]

1. c4 Nf6 2. Nf3 e6 3. g3 b6 4. Bg2 Bb7 5. O-O Be7 6. d4 O-O 7. Nc3 Ne4 8. Nxe4
Bxe4 9. b3 f5 10. Bb2 d6 11. d5 Bxf3 12. Bxf3 e5 13. Bxe5 Nd7 14. Bd4 Bf6 15.
e3 Ne5 16. Bg2 Qe8 17. e4 f4 18. gxf4 Ng6 19. e5 Be7 20. e6 Nxf4 21. Qg4 g6 22.
Rae1 Rf5 23. Re4 Qf8 24. Be3 h5 25. Qxf4 Rxf4 26. Rxf4 Bf6 27. Kh1 Qe7 28. Rg1
Be5 29. Rf7 Qh4 30. f4 Bg7 31. Be4 g5 32. Rxg5 Qe1+ 33. Rg1 1-0

[Event "DEM U16 2015"]
[Site "Willingen GER"]
[Date "2015.05.25"]
[Round "3"]
[White "Vogel, Roven"]
[Black "Urban, Konstantin"]
[Result "0-1"]
[Termination "normal"]
[Board "3"]
[WhiteElo "2429"]
[BlackElo "2206"]
[WhiteClock "00:18:49"]
[BlackClock "00:17:04"]
[PlyCount "105"]
[WhiteFideId "12908088"]
[BlackFideId "12927511"]
[EventCountry "GER"]
[EventRounds "9"]
[EventType "swiss"]
[EventDate "2015.05.23"]

1. e4 d5 2. exd5 Qxd5 3. Nc3 Qd6 4. d4 c6 5. Nf3 Bg4 6. Be2 Nf6 7. h3 Bh5 8.
O-O Nbd7 9. Nd2 Bg6 10. Nc4 Qc7 11. d5 Nxd5 12. Nxd5 cxd5 13. Qxd5 e6 14. Qf3
Be7 15. Bf4 e5 16. Bh2 O-O 17. c3 Rad8 18. Rad1 Rfe8 19. Qd5 Bf8 20. Nd6 Bxd6
21. Qxd6 Qxd6 22. Rxd6 Nc5 23. Rfd1 Rxd6 24. Rxd6 f6 25. b4 Ne4 26. Rd7 Bf7 27.
c4 Nc3 28. Bf1 Nxa2 29. Rxb7 Rd8 30. f4 e4 31. f5 e3 32. c5 Bd5 33. Re7 Nxb4
34. Rxe3 a5 35. Ra3 Ra8 36. Bb5 Nc6 37. Kf2 Ra7 38. Rd3 Be4 39. Rd6 a4 40. Bxc6
Bxc6 41. Rxc6 a3 42. Rc8+ Kf7 43. Bd6 g6 44. Rf8+ Kg7 45. c6 a2 46. c7 a1=Q 47.
Rg8+ Kh6 48. c8=Q Qd4+ 49. Kf3 Qd3+ 50. Kg4 Qd1+ 51. Kf4 Qxd6+ 52. Kg4 Ra4+ 53.
Kf3 0-1

[Event "DEM U16 2015"]
[Site "Willingen GER"]
[Date "2015.05.25"]
[Round "3"]
[White "Ehmann, Thilo"]
[Black "Kololli, Kevin"]
[Result "0-1"]
[Termination "normal"]
[Board "4"]
[WhiteElo "2234"]
[BlackElo "2138"]
[WhiteClock "00:57:08"]
[BlackClock "01:14:02"]
[PlyCount "80"]
[WhiteFideId "12940968"]
[BlackFideId "12936863"]
[EventCountry "GER"]
[EventRounds "9"]
[EventType "swiss"]
[EventDate "2015.05.23"]

1. e4 e5 2. Nf3 Nc6 3. Bc4 Nf6 4. d4 exd4 5. e5 d5 6. Bb5 Ne4 7. Nxd4 Bd7 8.
Bxc6 bxc6 9. O-O Bc5 10. f3 Ng5 11. f4 Ne4 12. Be3 Bb6 13. Nd2 Nxd2 14. Qxd2 c5
15. Nf3 Be6 16. c3 O-O 17. Qf2 Qe7 18. a4 a5 19. Rfe1 Bf5 20. Kh1 Rad8 21. Nh4
Be4 22. Qg3 Rde8 23. Bg1 f6 24. c4 fxe5 25. fxe5 Qxe5 26. Qxe5 Rxe5 27. cxd5
Rf4 28. Nf3 Rxf3 29. Rxe4 Rxe4 30. gxf3 Rb4 31. Rc1 c4 32. Bxb6 cxb6 33. Rc2
Kf7 34. Re2 Rxa4 35. Kg2 Ra1 36. Rd2 Ra2 37. Rc2 b5 38. Kf2 a4 39. Re2 c3 40.
d6 Rxb2 0-1

[Event "DEM U16 2015"]
[Site "Willingen GER"]
[Date "2015.05.25"]
[Round "3"]
[White "Keymer, Vincent"]
[Black "Ramien, David"]
[Result "1-0"]
[Termination "normal"]
[Board "5"]
[WhiteElo "2338"]
[BlackElo "1965"]
[WhiteClock "00:34:44"]
[BlackClock "00:12:24"]
[PlyCount "95"]
[WhiteFideId "12940690"]
[BlackFideId "12948241"]
[EventCountry "GER"]
[EventRounds "9"]
[EventType "swiss"]
[EventDate "2015.05.23"]

1. d4 Nf6 2. c4 g6 3. f3 Bg7 4. e4 d6 5. Ne2 O-O 6. Be3 Nc6 7. Qd2 a6 8. Na3
Rb8 9. Nc3 e5 10. Nc2 exd4 11. Nxd4 Re8 12. Be2 Bd7 13. O-O Nh5 14. Nc2 f5 15.
c5 f4 16. Bf2 dxc5 17. Bxc5 Re5 18. Bc4+ Kh8 19. Bf2 Be6 20. Qe2 Qg5 21. Bxe6
Rxe6 22. Qc4 Rbe8 23. Nd4 Rd6 24. Nxc6 Rxc6 25. Qb4 b6 26. Rfd1 Be5 27. Bd4 Ng7
28. Bxe5 Qxe5 29. Rd5 Qe7 30. Qd4 Rd6 31. Rxd6 Qxd6 32. Qxd6 cxd6 33. Rd1 Rd8
34. Nd5 Rc8 35. Nxb6 Rc6 36. Nd5 Ne6 37. Nc3 Kg7 38. Kf2 Rb6 39. Rd2 Nc5 40.
Ke2 g5 41. Kd1 Kf7 42. Kc2 Ke6 43. Rd5 Nd7 44. Rxg5 Ne5 45. b3 Nc6 46. Rh5 Rb7
47. Nd5 Rf7 48. Kc3 1-0

[Event "DEM U16 2015"]
[Site "Willingen GER"]
[Date "2015.05.25"]
[Round "3"]
[White "Hartge, Gedeon"]
[Black "Kollars, Dmitrij"]
[Result "0-1"]
[Termination "normal"]
[Board "6"]
[WhiteElo "1870"]
[BlackElo "2410"]
[WhiteClock "00:05:06"]
[BlackClock "00:13:12"]
[PlyCount "60"]
[WhiteFideId "12932116"]
[BlackFideId "12909572"]
[EventCountry "GER"]
[EventRounds "9"]
[EventType "swiss"]
[EventDate "2015.05.23"]

1. d4 Nf6 2. c4 e6 3. Nc3 Bb4 4. e3 O-O 5. Nge2 d5 6. a3 Be7 7. Nf4 c6 8. Be2
Nbd7 9. f3 a6 10. e4 dxe4 11. fxe4 e5 12. dxe5 Nxe5 13. Be3 Bg4 14. Qxd8 Rfxd8
15. b3 b5 16. c5 g5 17. Nh3 Nd3+ 18. Kf1 h6 19. b4 a5 20. Nf2 Bxe2+ 21. Kxe2
axb4 22. axb4 Nxb4 23. Rhd1 Rxa1 24. Rxa1 Nc2 25. Ra7 Bf8 26. Rc7 Nxe3 27. Kxe3
Bxc5+ 28. Ke2 Bxf2 29. Kxf2 Ng4+ 30. Ke2 Ne5 0-1

[Event "DEM U16 2015"]
[Site "Willingen GER"]
[Date "2015.05.25"]
[Round "3"]
[White "Bergauz, Noam"]
[Black "Ngo, Minh Duc"]
[Result "1-0"]
[Termination "normal"]
[Board "7"]
[WhiteElo "2296"]
[BlackElo "2040"]
[WhiteClock "00:38:50"]
[BlackClock "01:00:40"]
[PlyCount "43"]
[WhiteFideId "12938033"]
[BlackFideId "12942693"]
[EventCountry "GER"]
[EventRounds "9"]
[EventType "swiss"]
[EventDate "2015.05.23"]

1. e4 e5 2. Nf3 Nc6 3. Nc3 Nf6 4. g3 Bc5 5. Bg2 O-O 6. O-O d6 7. d3 h6 8. Na4
Be6 9. b3 Qe7 10. Bb2 Nd7 11. c3 Bxf2+ 12. Rxf2 b5 13. b4 a5 14. Nh4 axb4 15.
Nf5 Bxf5 16. exf5 Ndb8 17. f6 gxf6 18. Bc1 Rxa4 19. Qg4+ Kh8 20. Bxh6 Rg8 21.
Qh5 Rg6 22. Bf8+ 1-0

[Event "DEM U16 2015"]
[Site "Willingen GER"]
[Date "2015.05.25"]
[Round "3"]
[White "Herbrig, Alexander"]
[Black "Niermann, Tristan"]
[Result "1-0"]
[Termination "normal"]
[Board "10"]
[WhiteElo "2025"]
[BlackElo "1855"]
[PlyCount "75"]
[WhiteFideId "12952044"]
[BlackFideId "12990698"]
[EventCountry "GER"]
[EventRounds "9"]
[EventType "swiss"]
[EventDate "2015.05.23"]

1. e4 e5 2. Nf3 Nc6 3. Bb5 a6 4. Ba4 Nf6 5. O-O Nxe4 6. d4 b5 7. Bb3 d5 8. dxe5
Be6 9. Qe2 Be7 10. Rd1 O-O 11. c4 bxc4 12. Bxc4 Qd7 13. Nc3 Nxc3 14. bxc3 Rfd8
15. Bxa6 Bg4 16. Bb7 Rab8 17. Bxc6 Qxc6 18. Qd3 Bc5 19. Re1 d4 20. Nxd4 Qd5 21.
Be3 Bxd4 22. Qxd4 Qe6 23. Qf4 Bh5 24. a4 Ra8 25. Bd4 Qd5 26. e6 fxe6 27. Re5
Qd6 28. Qg5 Bg6 29. h4 Qd7 30. h5 Bf5 31. h6 g6 32. Rxf5 exf5 33. Qf6 Rxa4 34.
Qh8+ Kf7 35. Qg7+ Ke6 36. Qe5+ Kf7 37. Qg7+ Ke6 38. Qxd7+ 1-0

[Event "DEM U16 2015"]
[Site "Willingen GER"]
[Date "2015.05.25"]
[Round "3"]
[White "Gschnitzer, Adrian"]
[Black "Ronge, Tim"]
[Result "1-0"]
[Termination "normal"]
[Board "11"]
[WhiteElo "2127"]
[BlackElo "1943"]
[PlyCount "55"]
[WhiteFideId "1270337"]
[BlackFideId "12955418"]
[EventCountry "GER"]
[EventRounds "9"]
[EventType "swiss"]
[EventDate "2015.05.23"]

1. e4 c5 2. Nf3 Nc6 3. d4 cxd4 4. Nxd4 Nf6 5. Nc3 e5 6. Ndb5 d6 7. Nd5 Nxd5 8.
exd5 Nb8 9. c4 a6 10. Nc3 Nd7 11. Be2 Be7 12. O-O O-O 13. Rb1 f5 14. f4 e4 15.
Be3 Bf6 16. Qd2 b5 17. cxb5 axb5 18. Bxb5 Qa5 19. a4 Bxc3 20. Qxc3 Qxc3 21.
bxc3 Nf6 22. Bc6 Ba6 23. Rfc1 Rab8 24. Rb4 Bd3 25. a5 Rxb4 26. cxb4 Rb8 27. b5
Rxb5 28. a6 1-0

[Event "DEM U16 2015"]
[Site "Willingen GER"]
[Date "2015.05.25"]
[Round "3"]
[White "Rausch, Adrian"]
[Black "Tiarks, Jann-Christian"]
[Result "1-0"]
[Termination "normal"]
[Board "12"]
[WhiteElo "1929"]
[BlackElo "1806"]
[PlyCount "69"]
[WhiteFideId "12929069"]
[BlackFideId "12951595"]
[EventCountry "GER"]
[EventRounds "9"]
[EventType "swiss"]
[EventDate "2015.05.23"]

1. d4 Nf6 2. Nf3 c5 3. e3 e6 4. Bd3 d5 5. b3 Nc6 6. O-O cxd4 7. exd4 Bd6 8. Bb2
O-O 9. Nbd2 Bd7 10. a3 Rc8 11. Ne5 Qc7 12. f4 Qb6 13. Ndf3 Be8 14. Qe2 a5 15.
Kh1 a4 16. b4 Na5 17. Rab1 Nc4 18. Nxc4 dxc4 19. Bxc4 Bxf4 20. Bd3 Nd5 21. c4
Ne3 22. Rfe1 Qc7 23. Bc1 Ng4 24. h3 Nf6 25. Ne5 Bxc1 26. Rbxc1 Qd6 27. Rcd1 g6
28. Qf3 Nh5 29. c5 Qe7 30. d5 exd5 31. Nxg6 Qg5 32. Ne7+ Kh8 33. Nxc8 Bd7 34.
Nd6 Be6 35. Rxe6 1-0

[Event "DEM U16 2015"]
[Site "Willingen GER"]
[Date "2015.05.25"]
[Round "3"]
[White "Nothnagel, Marian Can"]
[Black "Rieper, Julian"]
[Result "1-0"]
[Termination "normal"]
[Board "13"]
[WhiteElo "1904"]
[BlackElo "1844"]
[PlyCount "31"]
[WhiteFideId "12921530"]
[BlackFideId "12936960"]
[EventCountry "GER"]
[EventRounds "9"]
[EventType "swiss"]
[EventDate "2015.05.23"]

1. e4 e5 2. Nf3 Nc6 3. Bc4 Bc5 4. b4 Bxb4 5. c3 Bd6 6. d4 Nf6 7. O-O O-O 8. Bg5
h6 9. Bh4 g5 10. Bg3 Nxe4 11. Qd3 Nxg3 12. Qg6+ Kh8 13. Qxh6+ Kg8 14. Nxg5 Qxg5
15. Qxg5+ Kh7 16. fxg3 1-0

[Event "DEM U16 2015"]
[Site "Willingen GER"]
[Date "2015.05.25"]
[Round "3"]
[White "Haase, Dominik"]
[Black "Greßmann, Moritz"]
[Result "0-1"]
[Termination "normal"]
[Board "14"]
[WhiteElo "1487"]
[BlackElo "2022"]
[PlyCount "58"]
[WhiteFideId "16208781"]
[BlackFideId "24695084"]
[EventCountry "GER"]
[EventRounds "9"]
[EventType "swiss"]
[EventDate "2015.05.23"]

1. d4 d5 2. c4 dxc4 3. Nf3 Nf6 4. e3 Bg4 5. Bxc4 e6 6. O-O a6 7. Nc3 Nc6 8. a3
Bd6 9. h3 Bh5 10. e4 Bxf3 11. gxf3 Nxd4 12. e5 Bc5 13. exf6 Qxf6 14. f4 O-O-O
15. Qh5 e5 16. Qg4+ Kb8 17. Ne4 Qc6 18. fxe5 Rhe8 19. Nxc5 Nf3+ 20. Kg2 Nxe5+
21. Qe4 Qxc5 22. Ba2 Nd3 23. Qc4 Qe5 24. Qxf7 Ne1+ 25. Kg1 Rf8 26. f4 Qc5+ 27.
Kh1 Rxf7 28. Bxf7 Qc6+ 29. Kg1 Qg2# 0-1

[Event "DEM U16 2015"]
[Site "Willingen GER"]
[Date "2015.05.26"]
[Round "5"]
[White "Lagunow, Raphael"]
[Black "Urban, Konstantin"]
[Result "1/2-1/2"]
[Termination "normal"]
[Board "1"]
[WhiteElo "2179"]
[BlackElo "2206"]
[WhiteClock "00:14:09"]
[BlackClock "00:37:05"]
[PlyCount "43"]
[WhiteFideId "24652644"]
[BlackFideId "12927511"]
[EventCountry "GER"]
[EventRounds "9"]
[EventType "swiss"]
[EventDate "2015.05.23"]

1. Nf3 Nf6 2. c4 g6 3. g3 Bg7 4. Bg2 O-O 5. O-O d6 6. Nc3 Nc6 7. d4 a6 8. h3
Rb8 9. Be3 Bd7 10. Rc1 b5 11. Nd2 e6 12. b3 Ne7 13. f4 Bc6 14. Bxc6 Nxc6 15.
cxb5 axb5 16. Nxb5 Rxb5 17. Rxc6 Nd5 18. Bf2 Nb4 19. Rc4 Nxa2 20. Qa1 d5 21.
Ra4 Nb4 22. Qc3 1/2-1/2

[Event "DEM U16 2015"]
[Site "Willingen GER"]
[Date "2015.05.26"]
[Round "5"]
[White "Uksini, Bardhyl"]
[Black "Kollars, Dmitrij"]
[Result "0-1"]
[Termination "normal"]
[Board "2"]
[WhiteElo "2222"]
[BlackElo "2410"]
[WhiteClock "00:02:25"]
[BlackClock "00:21:16"]
[PlyCount "68"]
[WhiteFideId "1628313"]
[BlackFideId "12909572"]
[EventCountry "GER"]
[EventRounds "9"]
[EventType "swiss"]
[EventDate "2015.05.23"]

1. d4 Nf6 2. c4 g6 3. Nc3 Bg7 4. e4 d6 5. f4 O-O 6. Nf3 c5 7. d5 e6 8. Be2 exd5
9. cxd5 Bg4 10. O-O Nbd7 11. h3 Bxf3 12. Bxf3 Re8 13. Re1 Qa5 14. Be3 b5 15. a4
b4 16. Nb5 Nxe4 17. Bxe4 Rxe4 18. Nxd6 Rxe3 19. Rxe3 Bd4 20. Kh1 Bxe3 21. Nc4
Qd8 22. Nxe3 Qf6 23. Nc4 Re8 24. Qd3 Qxf4 25. Rf1 Qe4 26. Qxe4 Rxe4 27. Nd6 Re7
28. Nc8 Re2 29. Rb1 Nb6 30. Nxa7 Nxa4 31. d6 Rd2 32. Nb5 Nxb2 33. d7 Na4 34.
Ra1 Nb6 0-1